Connecticut by Picture - Statistics

General Stats
  • This quiz has been taken 94 times
  • The average score is 11 of 18
Answer Stats
Picture Hint Answer % Correct
university Yale
99%
capital Hartford
94%
city New Haven
89%
museum {Mystic} Seaport
73%
state bird American robin
70%
tree on the Connecticut quarter The {Charter} Oak
68%
county Fairfield
66%
University of Connecticut town Mansfield
63%
invented the revolver gun Samuel Colt
63%
showman P. T. Barnum
61%
city New London
56%
state flower Mountain {laurel}
53%
infamous turncoat Benedict Arnold
51%
"Brass City" Waterbury
51%
abolitionist author Harriet Beecher Stowe
49%
"Hat City" Danbury
47%
actress Glenn Close
32%
Norwalk attraction {Maritime} Aquarium
18%
No matching quizzes found
Score Distribution
Percent of People with Each Score
Percentile by Number Answered
Your Score History
You have not taken this quiz